000 01412nam a2200205 a 4500
001 ASIN0007365497
005 20170105102857.0
008 130910s2012 xxu eng d
020 _a0007365497 (hardcover)
020 _a9780007365494 (hardcover)
040 _a0
082 _a423
245 0 0 _aCollins concise english dictionary.
250 _a8th edition.
260 _a[S.l.] :
_bCollins,
_c2012.
300 _a1984 p. ;
_c24 cm.
520 _aPioneers in dictionary publishing for over 175 years, Collins are now proud to offer the Concise English Dictionary in print and online. The eighth edition of the groundbreaking Collins Concise Dictionary is the only dictionary in concise format with encyclopedic entries for people, places, and regions. Ideal for families and students, this is essential for anyone who needs a dictionary that supports research in all areas (academic subjects as well as hobbies, sport and recreation) and study. Have confidence - comprehensive and authoritative, with all the words and definitions you need Get it right - language notes help you choose the right words for every situation and give advice on words that are changing in meaning or use. Get there fast - clear layout with colour. Find out more - thousands of entries for people and places.
856 4 0 _3Amazon.com
_uhttp://www.amazon.com/exec/obidos/ASIN/0007365497/chopaconline-20
942 _2ddc
_cREF
999 _c14533
_d14533